Statistiche per Pokémon - Prima Generazione

Clicka qui per fare il quiz!

Statistiche generali

  • Questo quiz è stato fatto 65 volte
  • Il punteggio medio è 98 su 151

Statistiche sulle risposte

Numero Pokédex NazionaleTipoTipoPokémon% Corretto
#0001ErbaVelenoBulbasaur
100%
#0006FuocoVolanteCharizard
100%
#0009AcquaBlastoise
97%
#0004FuocoCharmander
97%
#0005FuocoCharmeleon
97%
#0025ElettroPikachu
97%
#0007AcquaSquirtle
97%
#0002ErbaVelenoIvysaur
95%
#0008AcquaWartortle
95%
#0010ColeotteroCaterpie
92%
#0026ElettroRaichu
92%
#0024VelenoArbok
89%
#0023VelenoEkans
89%
#0018NormaleVolantePidgeot
89%
#0017NormaleVolantePidgeotto
89%
#0003ErbaVelenoVenusaur
89%
#0012ColeotteroVolanteButterfree
87%
#0014ColeotteroVelenoKakuna
87%
#0016NormaleVolantePidgey
87%
#0074RocciaTerraGeodude
84%
#0011ColeotteroMetapod
84%
#0150PsicoMew
84%
#0075RocciaTerraGraveler
82%
#0151PsicoMewtwo
82%
#0013ColeotteroVelenoWeedle
82%
#0145ElettroVolanteZapdos
82%
#0144GhiaccioVolanteArticuno
79%
#0015ColeotteroVelenoBeedril
79%
#0149DragoVolanteDragonite
79%
#0094SpettroVelenoGengar
79%
#0146FuocoVolanteMoltres
79%
#0019NormaleRattata
79%
#0050TerraDiglett
76%
#0148DragoDragonair
76%
#0147DragoDratini
76%
#0051TerraDugtrio
76%
#0076RocciaTerraGolem
76%
#0068LottaMachamp
76%
#0020NormaleRaticate
76%
#0022NormaleVolanteFearow
74%
#0034VelenoTerraNidoking
74%
#0031VelenoTerraNidoqueen
74%
#0032VelenoNidoran♂
74%
#0029VelenoNidoran♀
74%
#0033VelenoNidorino
74%
#0021NormaleVolanteSpearow
74%
#0063PsicoAbra
71%
#0059FuocoArcanine
71%
#0133NormaleEevee
71%
#0092SpettroVelenoGastly
71%
#0093SpettroVelenoHaunter
71%
#0106LottaHitmonlee
71%
#0064PsicoKadabra
71%
#0067LottaMachoke
71%
#0030VelenoNidorina
71%
#0065PsicoAlakazam
68%
#0058FuocoGrowlithe
68%
#0107LottaHitmonchan
68%
#0039NormaleFollettoJigglypuff
68%
#0066LottaMachop
68%
#0129AcquaMagikarp
68%
#0126FuocoMagmar
68%
#0081ElettroAcciaioMagnemite
68%
#0043ErbaVelenoOddish
68%
#0143NormaleSnorlax
68%
#0121AcquaPsicoStarmie
68%
#0100ElettroVoltorb
68%
#0037FuocoVulpix
68%
#0036FollettoClefable
66%
#0091AcquaGhiaccioCloyster
66%
#0136FuocoFlareon
66%
#0135ElettroJolteon
66%
#0045ErbaVelenoVileplume
66%
#0041VelenoVolanteZubat
66%
#0035FollettoClefairy
63%
#0125ElettroElectabuzz
63%
#0101ElettroElectrode
63%
#0044ErbaVelenoGloom
63%
#0130AcquaVolanteGyarados
63%
#0082ElettroAcciaioMagneton
63%
#0038FuocoNinetales
63%
#0120AcquaStaryu
63%
#0134AcquaVaporeon
63%
#0049ColeotteroVelenoVenomoth
63%
#0048ColeotteroVelenoVenonat
63%
#0042VelenoVolanteGolbat
61%
#0095RocciaTerraOnix
61%
#0040NormaleFollettoWigglytuff
61%
#0069ErbaVelenoBellsprout
58%
#0113NormaleChansey
58%
#0131AcquaGhiaccioLapras
58%
#0138RocciaAcquaOmanyte
58%
#0139RocciaAcquaOmastar
58%
#0077FuocoPonyta
58%
#0054AcquaPsyduck
58%
#0027TerraSandshrew
58%
#0028TerraSandslash
58%
#0086AcquaSeel
58%
#0072AcquaVelenoTentacool
58%
#0073AcquaVelenoTentacruel
58%
#0142RocciaVolanteAerodactyl
55%
#0087AcquaGhiaccioDewgong
55%
#0084NormaleVolanteDoduo
55%
#0118AcquaGoldeen
55%
#0097PsicoHypno
55%
#0124GhiaccioPsicoJynx
55%
#0061AcquaPoliwhirl
55%
#0062AcquaLottaPoliwrath
55%
#0078FuocoRapidash
55%
#0116AcquaHorsea
53%
#0140RocciaAcquaKabuto
53%
#0141RocciaAcquaKabutops
53%
#0122PsicoFollettoMr. Mime
53%
#0060AcquaPoliwag
53%
#0096PsicoDrowzee
50%
#0055AcquaGolduck
50%
#0115NormaleKangaskhan
50%
#0109VelenoKoffing
50%
#0056LottaMankey
50%
#0052NormaleMeowth
50%
#0089VelenoMuk
50%
#0046ColeotteroErbaParas
50%
#0047ColeotteroErbaParasect
50%
#0137NormalePorygon
50%
#0057LottaPrimeape
50%
#0117AcquaSeadra
50%
#0085NormaleVolanteDodrio
47%
#0088VelenoGrimer
47%
#0119AcquaSeaking
47%
#0090AcquaShellder
47%
#0080AcquaPsicoSlowbro
47%
#0128NormaleTauros
47%
#0071ErbaVelenoVictreebel
47%
#0070ErbaVelenoWeepinbell
47%
#0103ErbaPsicoExeggutor
45%
#0083NormaleVolanteFarfetch'd
45%
#0053NormalePersian
45%
#0111TerraRocciaRhyhorn
45%
#0079AcquaPsicoSlowpoke
45%
#0114ErbaTangela
45%
#0110VelenoWeezing
45%
#0112TerraRocciaRhydon
42%
#0132NormaleDitto
39%
#0102ErbaPsicoExeggcute
39%
#0098AcquaKrabby
39%
#0123ErbaVolanteSchyther
39%
#0104TerraCubone
37%
#0099AcquaKingler
37%
#0105TerraMarowak
37%
#0127ColeotteroPinsir
37%
#0108NormaleLickitung
32%

Distribuzione punteggi

Percentile per numero di risposta

Percentuale di utenti per punteggio

I tuoi punteggi nel tempo

Non hai fatto questo quiz